000 00685nam a2200241 i 4500
001 C2-0133287
003 PPAK
005 20180727123345.0
008 971126s1995 io a|||| ||||| | may d
020 _a979454148X
040 _aPPAK
_beng
_cPPAK
_erda
082 0 4 _a641.87
_223
090 0 0 _a641.87
_bWIJ
_dR
100 1 _aWijayakusuma, H.M. Hembing,
_eauthor
245 1 0 _aMinuman untuk pengobatan dan kesehatan
264 1 _aJakarta, Indonesia :
_bPustaka Kartini ,
_c1995
300 _a198 pages :
_bcolour illustrations ;
_c28 cm
336 _2rdacontent
_atext
337 _2rdamedia
_aunmediated
338 _2rdacarrier
_avolume
650 1 0 _aBeverages
942 _ddc
_cB
999 _c41946
_d41946